| 000 | 00556nam a22001577a 4500 | ||
|---|---|---|---|
| 005 | 20251120124855.0 | ||
| 010 | _aENG-144998 | ||
| 020 |
_a9788184870855 _c854.00 |
||
| 037 | _aDBAD/PUB | ||
| 245 |
_aCycles, motives and shimura varieties : _cedited by V.Srinivas _bProceedings of the international colloquium on / |
||
| 260 |
_aNew Delhi _bN.K. Mehra for Narosa Publishing House Pvt. Ltd. _c2010 |
||
| 270 | _a22 Delhi Medical Association Road,Daryaganj,New Delhi-110002 | ||
| 300 |
_a530p. _c22cm.(hb) |
||
| 700 |
_dSrinivas, V. _981486 |
||
| 942 |
_2ddc _cEN |
||
| 999 |
_c148025 _d148025 |
||